000 00530nam a2200157 a 4500
008 120416s0000 ||||||||||||||||| || u
020 _a0435843494
050 _aHG 4577 Dav
100 _aDavies, Brinley
245 1 0 _aBusiness finance and the city of London
250 _a3rd ed.
260 _aLondon
_bHeinemann
_c1982
300 _aiv, 156p. : ill.
350 _a0.00
995 _D0.00
_FCBU-MAIN LIBRARY (Kitwe)
_H1
_I3.10
_M1
_UAVAILABLE
_ZAnnex Low-Usage Collection
999 _c36449
_d36449